000 00731nam a2200253Ia 4500
003 OSt
005 20220928130551.0
006 a|||||r|||| 00| 0
007 ta
008 220927b |||||||| |||| 00| 0 eng d
020 _c5515.9380000000001
024 _a118204
037 _b1842, 18/10/2012, Ashutosh Technical Books
_cTextual
040 _aSDCL
_cSDCL
_beng
041 _2eng
_aeng
082 _aX:86, Q2
100 _aBadiru A B
_9474645
245 0 _aProject Management
260 _aBoca Raton
_b C R C
_c2012
300 _axxi,565p
_ccm.
650 _aApplied Operation Research
942 _hX:86, Q2
_cTEXL
_2CC
999 _c787197
_d787197